LDR 01051nam a2200229 i 4500 001 000000219025 003 CaOOAMICUS 005 20260526141902.0 008 130301s1910 xx u000 u lat u 013 $a197922 040 $aSeMil$bita 100 1 $aManzoni, Cesare,$d<1865-1950>.$0(OLS)http://semarc/name/12848 245 10$a2: De Deo uno, trino, creante, elevante /$cauctore Manzoni Caesare. 250 $aEditio altera aucta et emendata. 264 1$aAugustae Taurinorum :$bEx libraria a SS. Corde Jesu,$c1910. 300 $aXII, 429 p. ;$c24 cm 773 0 $aManzoni, Cesare <1865-1950>$tCompendium theologiae dogmaticae.$dAugustae Taurinorum : Ex libraria a SS. Corde Jesu, 1910-1914.$g2$w()28132 850 $aSeMil 852 $aSeMil$W1$xVenegono$y1$m2B IV 616$j272544$B169395$CSeMilBibl$Z2$F180127 $81 996 $6245$a2: De Deo uno, trino, creante, elevante$9(OLS)http://semarc/title/314325 996 $6264$aAugustae Taurinorum :$bEx libraria a SS. Corde Jesu$9(OLS)http://semarc/publisher/37629